| 000 | 01145cam a2200349 a 4500 | ||
|---|---|---|---|
| 003 | CO-BoRNBP | ||
| 005 | 20241017114620.0 | ||
| 007 | ta | ||
| 008 | 030710s2003 ck r 00011 spa d | ||
| 020 | _a9582814233 | ||
| 040 |
_ala _cla |
||
| 041 | 0 | _aspa | |
| 043 | _ancnq--- | ||
| 082 | 0 | 4 |
_aN861.5 _bD17s5 _220 ed. |
| 084 | _aP DAR1 | ||
| 100 | 1 |
_aDarío, Rubén, _d1867-1916. _943178 |
|
| 245 | 1 | 0 |
_aSelección de poemas / _cRubén Darío ; prólogo y selección de Juan Felipe Robledo. |
| 250 | _aEditores Alberto Ramírez Santos, Leonardo A. Archila R. | ||
| 300 |
_a223 p. ; _c17 cm. |
||
| 336 |
_2rdacontent _atexto _btxt |
||
| 337 |
_2rdamedia _asin mediación _bn |
||
| 338 |
_2rdacarrier _avolumen _bnc |
||
| 650 | 7 |
_aPoesía nicaragüense. _2BLAAUTO _915587 |
|
| 650 | 7 |
_aVida cotidiana _vPoesías. _2BLAAUTO _943179 |
|
| 650 | 7 |
_aPrincesas _vPoesías. _2BLAAUTO _943180 |
|
| 650 | 7 |
_aRecuerdos _vPoesía. _2BLAAUTO _943181 |
|
| 700 | 1 |
_aRobledo, Juan Felipe, _d1968- _943182 |
|
| 700 | 1 |
_aRamírez Santos, Alberto, _eed. _943183 |
|
| 700 | 1 |
_aArchila R., Leonardo A., _eed. _943184 |
|
| 942 |
_2ddc _cBK |
||
| 949 |
_ac _bc |
||
| 999 |
_c38472 _d38472 |
||